01447nam a2200277 a 4500003000400000005001700004008004100021020001800062040002500080082002300105100003300128245022800161260003300389300004100422500006300463590002700526590007200553650002100625650002900646910004800675942001400723952013500737952014000872952014001012999001701152OSt20251010121501.0101012s2020 dr 000 0 spa d a9789945807349 aDO-SdBNPbspacBNPHU 4a303.625bV145d2221 aValdez, Manuel946323d1965-13a¿Destruirá el terrorismo al mundo? :buna cosmovisión de la geopolítica y de como el terrorismo y el crimen organizado amenazan la paz mundial, el orden internacional y la supervivencia del planeta / cManuel Valdez. aSanto Domingo :bMBC,c2020. a247 p. ;bil., fots., mapas,c22 cm. aIncluye datos biográficos del autor en la contracubierta aInventariado, 2021/ YL aLa biblioteca posee tres (3) ejemplares autografiados por el autor. 0aTerrorismo93230 0aCrimen organizado922377 aYLOCKWARD/Validado., Control de calidad MFF 2ddccLBS1 00102ddc51718PDaBNPHUbPDcHDd2020-09-17eManuel Valdezl0oBNPHU PD 303.625 V145d p2021-1010r2021-03-18w2021-03-18yLFPD 00102ddc51728PDaBNPHUbPDcHDd2020-09-17eManuel Valdezl0oBNPHU PD 303.625 V145dp2021-1011r2021-03-18te. 2w2021-03-18yLFPD 00102ddc56708DSaBNPHUbDOcHDd2020-09-17eManuel Valdezl0oBNPHU DS 303.625 V145dp2021-1012r2021-03-18te. 3w2021-03-18yLFDS c49622d49622